| Поле | Инд. | ПП | Название | Значение |
|---|---|---|---|---|
| Тип записи | a | |||
| Библиографический уровень | m | |||
| 001 | Контрольный номер | b96a61d2-66c8-49f2-8cfa-90114352fe71 | ||
| 005 | Дата корректировки | 20131111184930.5 | ||
| 008 | Кодируемые данные | 981111 d | ||
| 020 | a | ISBN | 3-930595-23-0 | |
| c | Цена, тираж | 21000.00 | ||
| 041 | a | Код языка текста | ger | |
| 080 | a | Индекс УДК | 512.64 | |
| 084 | a | Индекс другой классификации/Индекс ББК | В143 | |
| 090 | c | Каталожный индекс | В143 | |
| x | Авторский знак | Т82 | ||
| a | Полочн. индекс | В143 | ||
| 100 | 1_ | a | Автор | Trapp Heinz W |
| 245 | 00 | a | Заглавие | Einfuerung in die Algebra |
| b | Продолж. заглавия | Vektorrechnug. Algebraische Grundbegriffe. Lineare Algebra. | ||
| c | Ответственность | Heinz W. Trapp; Univ. Osnabrueck | ||
| 260 | 0_ | a | Место издания | Osnabrueck |
| b | Издательство | Rasch | ||
| c | Дата издания | 1995 | ||
| 300 | a | Объем | X,348,[8] S. | |
| 440 | a | Серия | Osnabruecker Studien zur Mathematik /Hrsg. von Winfried Bruns | |
| 500 | a | Примечание | Lit.: S.349.- Ind.: S.356. | |
| 583 | a | Действие | Получение впервые 123 14.04.97 | |
| k | Исполнитель действия | Дар г.Оснабрюка | ||
| 650 | a | Основная рубрика | Алгебра линейная и полинейная | |
| 653 | a | Ключевые слова | Линейная алгебра | |
| a | Ключевые слова | Полинейная алгебра | ||
| a | Ключевые слова | Векторные пространства | ||
| 852 | t | Порядковый номер экземпляра | 1 | |
| p | Инвентарный номер | 681101 | ||
| 888 | a | Бесплатные | ||
| 930 | a | Новая/Ретро | нем | |
| 952 | p | 123 21000.00 1 681101 | ||
| c | Вид литературы | К иу | ||
| 954 | a | Дата поступления на обработку | 25.04.97 | |
| 999 | a | Подразделение 2 | Фил3 |